[Event "Cergy Pontoise op 2nd"]
[Site "Cergy Pontoise"]
[Date "2004.05.16"]
[Round "4"]
[White "Fressinet, Laurent"]
[Black "De Faria, Manuel"]
[Result "1-0"]
[WhiteElo "2638"]
[BlackElo "2110"]
[PlyCount "65"]
[EventDate "2004.05.15"]
[EventType "swiss"]
[EventRounds "10"]
[EventCountry "FRA"]
[SourceTitle "CBM 100 Extra"]
[Source "ChessBase"]
[SourceDate "2004.07.06"]
[SourceVersion "2"]
[SourceVersionDate "2004.07.06"]
[SourceQuality "1"]

1. e4 c5 2. Nf3 Nc6 3. Bb5 g6 4. 0-0 Bg7 5. c3 e6 6. d4 cxd4 7. cxd4 a6 8. Bxc6 dxc6 9. e5 Ne7 10. Nc3 Nd5 11. Ne4 0-0 12. Bg5 f6 13. exf6 Nxf6 14. Qe2 Qd5 15. Bxf6 Bxf6 16. Nxf6+ Rxf6 17. Ne5 h5 18. Rfd1 b6 19. Nc4 Qd8 20. Rac1 Bb7 21. Qe5 Qe7 22. Nxb6 Raf8 23. f3 Rf5 24. Qe3 c5 25. d5 e5 26. Na4 g5 27. Nxc5 g4 28. fxg4 hxg4 29. d6 Qh7 30. d7 Bxg2 31. d8Q Bf3 32. Qeg5+ Rxg5 33. Qxg5+ 1-0

[Event "Saint Quentin op 4th"]
[Site "Saint Quentin"]
[Date "2001.04.17"]
[Round "4.12"]
[White "De Faria, Manuel"]
[Black "Gerard, Nicolas"]
[Result "0-1"]
[WhiteElo "1960"]
[BlackElo "2320"]
[PlyCount "80"]
[EventDate "2001.04.15"]
[EventType "swiss"]
[EventRounds "9"]
[EventCountry "FRA"]
[SourceTitle "EXT 2002"]
[Source "ChessBase"]
[SourceDate "2001.11.25"]
[SourceVersion "1"]
[SourceVersionDate "2001.11.25"]
[SourceQuality "1"]

1. e4 c5 2. Nf3 d6 3. d4 cxd4 4. Nxd4 Nf6 5. Nc3 a6 6. Bg5 e6 7. Qd3 Nbd7 8. f4 Qc7 9. 0-0-0 b5 10. Bxf6 gxf6 11. Be2 Nc5 12. Qe3 b4 13. Nd5 exd5 14. exd5+ Qe7 15. Qf3 Qe4 16. Qf2 Bh6 17. Rhf1 0-0 18. Qh4 Bg7 19. Rf3 Kh8 20. g4 Bd7 21. f5 Rfe8 22. Rh3 h6 23. Qg3 Qe5 24. Qg2 a5 25. Kb1 Kg8 26. Bf3 a4 27. Ne6 a3 28. c3 bxc3 29. Nc7 axb2 30. Nxe8 Bxe8 31. Rg1 Bb5 32. Bd1 Bc4 33. a4 Nb3 34. Be2 Nd2+ 35. Kc2 Bb3+ 36. Kd3 Bc4+ 37. Kc2 Bxe2 38. Rxc3 b1Q+ 39. Kxd2 Qb2+ 40. Rc2 Qbd4+ 0-1